Violence Of Democracy: (Record no. 199245)

MARC details
000 -LEADER
fixed length control field 00640nam a2200193 4500
005 - DATE AND TIME OF LATEST TRANSACTION
control field 20231128115231.0
010 ## - LCCN (DPL NO)
LC control number ENG-138467
020 ## - INTERNATIONAL STANDARD BOOK NUMBER
International Standard Book Number 9789354424533
Terms of availability 1125.00
035 ## - SYSTEM CONTROL NUMBER
System control number EN-121999
037 ## - SOURCE OF ACQUISITION
Source of stock number/acquisition DBAD/PUB
082 ## - DEWEY DECIMAL CLASSIFICATION NUMBER
Classification number 303.6
Edition number First
100 ## - MAIN ENTRY--PERSONAL NAME
Personal name Chaturvedi, Ruchi
245 ## - TITLE STATEMENT
Title Violence Of Democracy:
Remainder of title Interparty Conflicts in South India/
Statement of responsibility, etc By Ruchi Chaturvedi
250 ## - EDITION STATEMENT
Edition statement First
260 ## - PUBLICATION, DISTRIBUTION, ETC. (IMPRINT)
Place of publication, distribution, etc Hyderabad
Name of publisher, distributor, etc Oirent Blackswan Private Limited
Date of publication, distribution, etc 2024
270 ## - ADDRESS
Address 3-6-752 Himayat nagar
City Hyderabad
Postal code 500029
Electronic mail address info@orientblackswan.com
300 ## - PHYSICAL DESCRIPTION
Extent 250p.
Dimensions 23cm(pbk)
Other physical details index
942 ## - ADDED ENTRY ELEMENTS (KOHA)
Source of classification or shelving scheme Dewey Decimal Classification
Item type English Books
Classification part 303.6
Call number suffix CHA
Holdings
Withdrawn status Lost status Not for loan Collection code Home library Current library Date acquired Source of acquisition Cost, normal purchase price Full call number Barcode Copy number Cost, replacement price Koha item type
      Non-fiction Vinoba Puri Vinoba Puri 28/11/2023 DBAD/PUB 1125.00 303.6 CHA EN-121999 1 1125.00 English Books

© Delhi Public Library
Hit Counter
free hit counter